|
|
|
|
| LEADER |
00000nab a2200000 a 4500 |
| 001 |
vtls000015005 |
| 003 |
SK-MaSNL |
| 005 |
20260318122015.0 |
| 008 |
140430c1978 xo 0 rus |
| 015 |
|
|
|a SNBRB19rr/mm-uuuuu
|
| 035 |
|
|
|a CL0025099
|
| 040 |
|
|
|a SNKBUCL
|b slo
|c SNKBUCL
|e AACR2
|
| 041 |
0 |
|
|a rus
|
| 044 |
|
|
|a xo
|c SK
|
| 080 |
|
|
|a 576
|2 1981
|
| 080 |
|
|
|a 616.9
|2 1981
|
| 100 |
1 |
|
|a Širman, G. A.
|4 aut
|9 1239082
|
| 245 |
1 |
0 |
|a Vlijanie ingibitorov sinteza kletočnych RNK na stimuljaciju reprodukcii virusa encefalomiokardita myšej virusom poliomielita v kletkach NeLa i MIO
|c G. A. Širman, C. V. Maslova
|
| 300 |
|
|
|b Tb. 1. Grafy 3.
|
| 650 |
0 |
7 |
|a vírusy
|2 snkbucl
|9 687
|
| 650 |
0 |
7 |
|a enterovírusy
|2 snkbucl
|9 18376
|
| 655 |
|
7 |
|a články z novín a časopisov
|2 snkbucl
|9 267496
|
| 700 |
1 |
|
|a Maslova, C. V.
|4 aut
|9 1498330
|
| 773 |
0 |
|
|t Acta virologica
|g Roč. 22, č. 3 (1978), s. 177-182
|
| 850 |
|
|
|a Slovenská národná knižnica v Martine
|a MTA001
|
| 852 |
|
|
|a SNK
|b KIS3GCP
|
| 958 |
|
|
|a RK
|
| 992 |
|
|
|a RBX
|
| 999 |
|
|
|c 2989821
|d 2991751
|